الحياة بعد الموت / (رقم التسجيلة. 98132)

تفاصيل مارك
000 -الفاتح
عناصر البيانات ثابتة الطول 00657cam a2200193 i 4500
005 - تاريخ ووقت آخر معاملة
حقل ضبط 20251207114211.0
008 - عناصر البيانات ثابتة الطول
عناصر البيانات ثابتة الطول 250721q9999 le gr 000 0 ara d
020 ## - الترقيم الدولي المعياري للكتب (ردمك)
الترقيم الدولي المعياري للكتب (ردمك) 9953274886
082 14 - رقم تصنيف ديوي العشري
رقم التصنيف 214.5
رقم المادة ج م ل
100 1# - مدخل رئيسي – اسم شخصي
الاسم الشخصي الجمل، إبراهيم محمد
علاقة الشخص بالعمل/ دوره مؤلف.
245 12 - بيان العنوان
العنوان الحياة بعد الموت /
بيان المسؤولية دراسة ابراهيم محمد الجمل.
264 31 - بيانات النشر، التوزيع…إلخ
مكان النشر، التوزيع...إلخ بيروت :
اسم الناشر، الموزع...إلخ دار الكتاب العربي،
تاريخ النشر، التوزيع...إلخ [بين 2000 و 2007]،
300 ## - الوصف المادي
عدد الوحدات المكونة للوعاء 292 صفحه.
650 17 - مدخل إضافي بالموضوع - مصطلح موضوعي
مصطلح موضوعي أو اسم جغرافي كعنصر مدخل العقيدة الدينية.
650 17 - مدخل إضافي بالموضوع - مصطلح موضوعي
مصطلح موضوعي أو اسم جغرافي كعنصر مدخل اليوم الآخر.
650 17 - مدخل إضافي بالموضوع - مصطلح موضوعي
مصطلح موضوعي أو اسم جغرافي كعنصر مدخل الموت.
942 ## - بيانات إضافية (كوها)
نوع التنصيف Dewey Decimal Classification
نوع المادة (كوها) كتب
المقتنيات
حالة السحب حالة الفقدان مصدر التصنيف حالة التلف غير قابل للإعارة المكتبة الرئيسية المكتبة الحالية موقع الرف تاريخ التزويد الرقم المتسلسل Total Checkouts رقم الإستدعاء الباركود تاريخ آخر ظهور تاريخ الفاتورة نوع المادة (كوها)
    Dewey Decimal Classification     المكتبة المركزية المكتبة المركزية الإعارة 28/07/2025 1001589   214.5 / ج م ل 1001589 28/07/2025 28/07/2025 كتب
Implemented & Customized by: BBB with SCIT (Smart Chains for Information Technology)

Powered by Koha